| 000 | 02277cam a22004574i 4500 | ||
|---|---|---|---|
| 003 | PE-LiUPU | ||
| 005 | 20250731165405.0 | ||
| 008 | 151005s2014 pe a grm 000 0 spa d | ||
| 035 | _a(Sirsi) a154777 | ||
| 040 |
_aPE-LiUPU _bspa _cPE-LiUPU _erda |
||
| 099 |
_aTPS 2 _bV66 2015 |
||
| 100 | 1 |
_aVillanueva Peña, Carlos Alberto _eautor |
|
| 245 | 1 |
_aDepresión y calidad de vida en pacientes con tratamiento de hemodiálisis en un Hospital de EsSalud en Lima - Perú, 2014 / _cCarlos Alberto Villanueva Peña. |
|
| 264 | 0 | _c2015. | |
| 300 |
_a71 hojas : _bilustraciones; _c30 cm |
||
| 336 |
_atext _2rdacontent |
||
| 337 |
_aunmediated _2rdamedia |
||
| 338 |
_avolume _2rdacarrier |
||
| 502 |
_aTesis _b(Lic.) -- _cUniversidad Peruana Unión, _d2014. |
||
| 504 | _aIncluye referencias | ||
| 520 | 3 | _aEl objetivo de estudio fue determinar si existe relación entre depresión y calidad de vida en un grupo en pacientes con tratamiento de hemodiálisis en un Hospital de EsSalud en Lima - Perú, 2014. El estudio es de diseño no experimental de corte transversal y de alcance descriptivo correlacional. Se utilizó el Cuestionario SF-36 sobre el estado de salud (Short-Form, SF-36) y el Inventario de Depresión de Beck II. Los participantes fueron 39 pacientes en tratamiento de hemodiálisis. Los resultados fueron que al relacionar la calidad de vida con la depresión se obtuvieron resultados estadísticamente significativos (p=.000). Concluyendo que existe una relación significativa inversa entre las variables depresión y la calidad de vida, es decir que a mayor depresión se mostrará un menor nivel de calidad de vida en pacientes con tratamiento de hemodiálisis. | |
| 526 | _aSEG44 | ||
| 526 | _aSEG26 | ||
| 526 | _aP151 | ||
| 526 | _aP150 | ||
| 526 | _aP149 | ||
| 526 | _aP146 | ||
| 526 | _aP145 | ||
| 526 | _aP126 | ||
| 526 | _aP125 | ||
| 526 | _aP92 | ||
| 526 | _aP75 | ||
| 526 | _aP74 | ||
| 526 | _aP27 | ||
| 526 | _aP15 | ||
| 650 | 0 | 4 |
_aHemodiálisis _xAspectos psicológicos |
| 700 | 1 |
_aCasas Caruajulca, Jaime _eautor |
|
| 596 | _a1 | ||
| 942 |
_2ddc _cTESIS |
||
| 999 |
_aTPS 2 V66 2015 _wALPHANUM _c7476 _iT01746 _lCCODEBUL3 _mBUL _r1 _sY _tTESIS _u2015-10-5 _xSALUD _PP33 _o.STAFF. Tesis _d7476 |
||
| 980 |
_81 _gALBERTO SANCHEZ Responsable de Automatización |
||